| 000 | 01006nam a2200253 i 4500 | ||
|---|---|---|---|
| 001 | bg | ||
| 100 | 1 | _aPRZYBYLSKI, Marek | |
| 245 | 0 | 0 |
_aFrom three-to two-dimensional magnetism of Fe = _bOd trzy-do dwuwymiarowego magnetyzmu żelaza / _cMarek Przybylski. |
| 246 | 0 |
_iTyt. równol. : _aOd trzy-do dwuwymiarowego magnetyzmu żelaza |
|
| 260 |
_aKraków : _bWydawnictwa AGH, _c1997. |
||
| 300 |
_a138, [2] s. : _b2 fot., rys., wykr. ; _c24 cm. |
||
| 490 | 1 |
_aRozprawy, Monografie / Akademia Górniczo-Hutnicza im. S. Staszica, _x0867-6631 ; _v54 |
|
| 504 | _aBibliogr. s. 129-[139]. - Streszcz., summ. | ||
| 650 | 9 |
_aMagnetyzm _xbadanie |
|
| 650 | 9 |
_aŻelazo _xbadanie |
|
| 650 | 9 | _aInżynieria powierzchni | |
| 710 | 0 | _aAKADEMIA GÓRNICZO-HUTNICZA im. S. Staszica (Kraków) | |
| 830 | 0 |
_aRozprawy, Monografie (Akademia Górniczo-Hutnicza im. S. Staszica) ; _v54 |
|
| 040 | _cBPK | ||
| 041 | 0 |
_aen _benpl |
|
| 080 | _a669.1.017./018:537.6 | ||
| 942 | _cKS | ||
| 008 | s pl f |000 0 pol | ||
| 999 |
_c32833 _d32833 |
||
| 856 |
_uhttp://koha.tu.koszalin.pl/cgi-bin/koha/opac-detail.pl?biblionumber=32833 _yKatalog online BPK |
||